000 00293nam a2200121Ia 4500
005 20251222141954.0
008 251222s9999||||xx |||||||||||||| ||spa||
082 _a371.2/V62
100 _aVicuña Vidal, Sulpicio
245 0 _aDirección del Educando II:
264 _bSan Marcos
942 _cLIB
999 _c9786
_d9786